00596nam a2200181Ia 4500100003000000250000600030942000700036366000700043654001400050245004000064260002800104082001900132300000800151546001200159999001700171952011300188952011300301 aBeer/ F.P./ Johnston/E.R  a3 cBK f20 aMechanics aMechanics of Materials(in SI units) bTata Mc Graw hillc2004 a620.11292bBEE a780 aENGLISH c21050d21050 001040708CRCaCRCEbCRCEd2023-03-17g236.00l0o620.11292 BEEp15252r2023-03-17v295.00w2023-03-17yBK 001040708CRCaCRCEbCRCEd2023-03-17g236.00l0o620.11292 BEEp15253r2023-03-17v295.00w2023-03-17yBK